书目信息 |
| 题名: |
封神演义 上册
|
|
| 作者: | 许仲琳 编著 | |
| 分册: | ||
| 出版信息: | 福州 海峡文艺出版社 1994.03 |
|
| 页数: | 456页 | |
| 开本: | 32开 | |
| 丛书名: | ||
| 单 册: | ||
| 中图分类: | I242.4 | |
| 科图分类: | ||
| 主题词: | 小说--中国 | |
| 电子资源: | ||
| ISBN: | 7-80534-695-X | |
| 000 | 00555nam0 2200193 45 | |
| 001 | 0011071943 | |
| 005 | 20001107192431.4 | |
| 010 | @a7-80534-695-X@d13.90元 | |
| 100 | @a20001107d1994 km y0chiy0120 ea | |
| 101 | 0 | @achi |
| 105 | @a z 000yy | |
| 200 | 1 | @a封神演义 上册@AFeng Shen Yan Yi Shang Ce@f许仲琳编著@FXu Zhong Lin Bian Zhu |
| 210 | @a福州@c海峡文艺出版社@d1994.03 | |
| 215 | @a456页@d32开 | |
| 606 | 0 | @a小说@x中国 |
| 690 | @aI242.4@v3 | |
| 701 | 0 | @a许仲琳@4编著 |
| 801 | @aCN@bPftUser@c20001107 | |
| 905 | @b211894-898@dI242.4@eX467:1-2@f5 | |
| 封神演义 上册/许仲琳编著.-福州:海峡文艺出版社,1994.03 |
| 456页;32开 |
| ISBN 7-80534-695-X:13.90元 |
| ● |
| 相关链接 |
|
|
|
正题名:封神演义上册
索取号:I242.4/X467:1-2
 
预约/预借
| 序号 | 登录号 | 条形码 | 馆藏地/架位号 | 状态 | 备注 |
| 1 | 211894 | 202118948 | 社科二线400B/400B社科库 14排2列4层/ [索取号:I242.4/X467:1-2] | 在馆 | |
| 2 | 211895 | 202118957 | 文学库108/ [索取号:I242.4/X467:1-2] | 在馆 | |
| 3 | 211896 | 202118966 | 社科二线400B/400B社科库 10排3列5层/ [索取号:I242.4/X467:1-2] | 在馆 | |
| 4 | 211897 | 202118975 | 社科二线422/422社科库 16排1列5层/ [索取号:I242.4/X467:1-2] | 在馆 | |
| 5 | 211898 | 202118984 | 社科二线422/422社科库 16排1列5层/ [索取号:I242.4/X467:1-2] | 在馆 |